México, su evolución social (Record no. 104042)

MARC details
000 -LEADER
campo de control de longitud fija 00788nam a2200181 i 4500
001 - NÚMERO DE CONTROL
campo de control 104042
003 - IDENTIFICADOR DE NÚMERO DE CONTROL
campo de control ES-MaACL
005 - FECHA Y HORA DE LA ÚLTIMA TRANSACCIÓN
campo de control 20251128153302.0
007 - CAMPO FIJO DE DESCRIPCIÓN FÍSICA--INFORMACIÓN GENERAL
campo de control de longitud fija t|
008 - DATOS DE LONGITUD FIJA--INFORMACIÓN GENERAL
campo de control de longitud fija 051122s1900 mx ||||1| spa d
245 00 - MENCIÓN DEL TÍTULO
Título México, su evolución social
Resto del título : síntesis de la historia política de la organización administrativa y militar y del estado económico de la Federación méxicana... inventario monumental que resume en trabajos magistrales los grandes progresos de la nación en el siglo XIX /
Mención de responsabilidad, etc. Director literario: Lic D. Justo Sierra.
260 ## - PUBLICACIÓN, DISTRIBUCIÓN, ETC.
Lugar de publicación, distribución, etc. México :
Nombre del editor, distribuidor, etc. J. Ballescá,
Fecha de publicación, distribución, etc. 1900.
300 ## - DESCRIPCIÓN FÍSICA
Extensión 2 t. en 3 v. ;
Dimensiones 42 cm.
651 #4 - PUNTO DE ACCESO ADICIONAL DE MATERIA--NOMBRE GEOGRÁFICO
Nombre geográfico México-
Subdivisión general Descripción.
9 (RLIN) 9061
700 1# - ENTRADA AGREGADA--NOMBRE PERSONAL
Nombre de persona Sierra, Justo,
Fechas asociadas al nombre 1848-1912
9 (RLIN) 160134
852 ## - LOCALIZACIÓN
Ubicación ES-MaACL
Número de control de estantería F-14878-80
Holdings
Estatus retirado Estado de pérdida Estado de daño No para préstamo Colección Biblioteca de origen Biblioteca actual Ubicación en estantería Fecha de adquisición Fuente de adquisición Total de préstamos Signatura topográfica completa Código de barras Visto por última vez Precio de reemplazo Tipo de ítem Koha
        Libros del s. XIX Biblioteca del Ateneo de Madrid Biblioteca del Ateneo de Madrid Sala Pecera Planta 2 17/01/2008     F-14878-80 1108629 23/02/2023 23/02/2023 Libro impreso antiguo